| 000 | 00339nam a2200121Ia 4500 | ||
|---|---|---|---|
| 008 | 180117s9999 xx 000 0 und d | ||
| 100 | _aby Cheshire Que | ||
| 245 | _aBahay Kubo's Beauty Secrets | ||
| 260 | _c2017 | ||
| 300 | _a14-16 pages, 2017 March 19 | ||
| 440 | _aPhilippine Panorama | ||
| 650 | _aA FILIPINA'S GUITE TO NATURAL BEAUTY | ||
| 999 |
_c353610 _d353610 |
||